Welcome to the Holygrace Academy Library

Please use search bar below to get started

CHITHRAKALAKUDE KATHA (Record no. 5357)

MARC details
000 -LEADER
fixed length control field 00291nam a22001337a 4500
082 ## - DEWEY DECIMAL CLASSIFICATION NUMBER
Classification number 894.812
Item number MEN/C
100 ## - MAIN ENTRY--AUTHOR NAME
Personal name MENON, VIJAYAKUMAR
245 ## - TITLE STATEMENT
Title CHITHRAKALAKUDE KATHA
260 ## - PUBLICATION, DISTRIBUTION, ETC. (IMPRINT)
Place of publication THRISSUR
Name of publisher PULARI PUBLICATIONS
Year of publication 2015
300 ## - PHYSICAL DESCRIPTION
Number of Pages 72
520 ## - SUMMARY, ETC.
Summary, etc NOVEL
650 ## - SUBJECT ADDED ENTRY--TOPICAL TERM
Topical Term NOVEL
942 ## - ADDED ENTRY ELEMENTS (KOHA)
Koha item type Books
Holdings
Withdrawn status Lost status Collection code Home library Current library Shelving location Date acquired Source of acquisition Cost, normal purchase price Full call number Accession Number Koha item type
    Fiction Main Library Main Library SHELF-16L- MALAYALAM BIOGRAPHY,STUDIES/CRITICISM 28/02/2018 CONTRIBUTION 100.00 894.812 MEN/C 10156 Books